000 00613nam a22001697a 4500
005 20251108175615.0
008 250721s2018 xx 000 0 ara d
082 1 4 _a219.1/عمر
100 1 _aالعمري، أحمد خيري
245 1 0 _aالسيرة مستمرة/تقاطعات و توازيات المرحلة المكية مع نزول القرآن الكريم /
264 _bعصير الكتب للنشر و التوزيع،
_c2018.
300 _a448ص.
650 1 7 _aالسيرة الذاتية
650 1 7 _aالعصر الملكي لحياة النبي
942 _2ddc
_cBK
999 _c138123
_d138123